Statistiche per Città e Regioni - Quiz n°20

Clicka qui per fare il quiz!

Statistiche generali

  • Questo quiz è stato fatto 35 volte
  • Il punteggio medio è 9 su 10

Statistiche sulle risposte

HintRisposta% Corretto
ImperiaLiguria
100%
CaltanissettaSicilia
100%
AostaVal d'Aosta
100%
AnconaMarche
96%
PisaToscana
96%
FrosinoneLazio
92%
Busto ArsizioLombardia
92%
MacerataMarche
88%
Tempio PausaniaSardegna
68%
RoveretoTrentino-Alto Adige
64%

Distribuzione punteggi

Percentile per numero di risposta

Percentuale di utenti per punteggio

I tuoi punteggi nel tempo

Non hai fatto questo quiz